[Event "VIII Iberoamericano Mexico 2022"]
[Site "Mexico City"]
[Date "2022.02.12"]
[Round "1.1"]
[White "Martin Del Campo C., Jorge"]
[Black "Cori, Jorge"]
[Result "*"]
[WhiteElo "2019"]
[BlackElo "2650"]
[Annotator "TA"]
[PlyCount "39"]
[EventDate "2022.02.12"]
[EventType "swiss"]
[EventCountry "MEX"]
[SourceTitle "playchess.com"]
[Source "ChessBase"]
[SourceQuality "1"]

{[%evp 9,39,30,46,37,36,28,22,20,23,23,25,16,25,0,11,0,13,0,14,-3,14,11,16,14,14,4,30,13,18,13,14,-8]} 1. Nf3 d5 2. g3 c6 3. Bg2 Bg4 4. d3 Bxf3 5. Bxf3 e6 6. Nd2 {A07: Réti Opening: New York and Capablanca Systems.} Nf6 {[#]} 7. c3 $146 ({Predecessor:} 7. O-O Nbd7 8. e4 Qc7 9. Qe2 Bd6 10. Bg2 O-O 11. f4 e5 12. f5 Rac8 13. g4 {1-0 (35) Junker,C (1981)-Krischak,W (1767) Wiesbaden 2016}) 7... Nbd7 8. a4 a5 9. Bg2 Be7 10. O-O O-O 11. h3 Qb6 12. Qb3 Qa6 13. Nf3 h6 14. Bf4 Rfc8 15. Rfe1 b5 16. Qc2 Nc5 17. b3 Qb6 18. Be3 {[#] aiming for b4.} Qd8 19. Nd2 Ncd7 20. f4 {Weighted Error Value: White=0.07 (flawless) /Black=0.07 (flawless)} *

[Event "VIII Iberoamericano Mexico 2022"]
[Site "Mexico City"]
[Date "2022.02.12"]
[Round "1.11"]
[White "Castellanos Hernandez, Emilio Au"]
[Black "Gonzalez Zamora, Juan Carlos"]
[Result "*"]
[WhiteElo "1939"]
[BlackElo "2544"]
[Annotator "TA"]
[PlyCount "23"]
[EventDate "2022.02.12"]
[EventType "swiss"]
[EventCountry "MEX"]
[SourceTitle "playchess.com"]
[Source "ChessBase"]
[SourceQuality "1"]

{[%evp 9,23,-3,0,-7,-9,-3,-2,-12,19,-18,-21,-24,-13,-46,-51,-60]} 1. d4 Nf6 2. Bf4 c5 3. e3 Nd5 4. Bg3 Qb6 5. Nc3 Nxc3 6. bxc3 {A45: Trompowsky Attack.} Qa5 7. Qd2 d6 8. Bd3 {[#] The position is equal.} Nd7 $146 ({Predecessor:} 8... g6 9. Ne2 Bg7 10. O-O O-O 11. Rfb1 e5 12. Rb5 Qc7 13. Rd1 Qc6 14. d5 Qc7 {½-½ (84) Suarez Garcia,C (2449)-Huerga Leache,M (2448) Elgoibar 2018}) 9. f4 g6 10. Nf3 Bg7 11. e4 Nb6 $1 12. e5 {Weighted Error Value: White=0.11 (very precise) /Black=0.03 (flawless)} *

[Event "VIII Iberoamericano Mexico 2022"]
[Site "Mexico City"]
[Date "2022.02.12"]
[Round "1.12"]
[White "Obregon Rivero, Juan Carlos"]
[Black "Moran Velez, Francisco R"]
[Result "*"]
[WhiteElo "2536"]
[BlackElo "1931"]
[Annotator "TA"]
[PlyCount "29"]
[EventDate "2022.02.12"]
[EventType "swiss"]
[EventCountry "MEX"]
[SourceTitle "playchess.com"]
[Source "ChessBase"]
[SourceQuality "1"]

{[%evp 9,29,14,81,64,61,5,93,0,0,-3,-15,-24,47,45,209,216,237,240,208,228,258,200]} 1. e4 c5 2. Nf3 g6 3. c3 Qa5 4. Na3 Bg7 5. d4 d6 (5... cxd4 $11 {remains equal.} 6. b4 (6. Nxd4 Nc6 $14) 6... Qd8) 6. Nc4 {B22: Sicilian: 2 c3.} (6. Bc4 {feels hotter.} cxd4 7. Qb3 dxc3 8. Bxf7+ Kf8 9. O-O) 6... Qc7 7. a4 {[#] White is more active.} (7. e5 $14 d5 8. Ne3) 7... Be6 $146 (7... cxd4 $11 {keeps the balance.} 8. Nxd4 (8. cxd4 Nf6 $11) 8... Nc6) ({Predecessor:} 7... Nf6 8. e5 dxe5 9. dxe5 Ng4 10. Bf4 Nc6 11. h3 Ngxe5 12. Ncxe5 Nxe5 13. Bb5+ Kf8 {1-0 (30) Karpatchev,A (2473)-Najart,D (2077) Plancoet 2015}) 8. Ng5 (8. d5 $16 Bg4 9. Be3) 8... cxd4 $1 $11 9. Nxe6 fxe6 10. cxd4 {[%cal Bc3d4,Bd4d5,Bd5e6][%mdl 32]} Nc6 (10... Nf6 $1 $11) 11. d5 $36 {[%mdl 2048] White fights for an advantage.} Ne5 {[#] This costs Black the game.} (11... exd5 $14 12. exd5 (12. Qxd5 Nf6 $15) 12... Nd4) 12. Nxe5 $18 dxe5 13. Bb5+ Kf8 14. dxe6 a6 15. Bd3 {Weighted Error Value: White=0.35/Black=0.53} *

[Event "VIII Iberoamericano Mexico 2022"]
[Site "Mexico City"]
[Date "2022.02.13"]
[Round "1.23"]
[White "Garcia, Angie"]
[Black "Perez Gormaz, Matias"]
[Result "*"]
[WhiteElo "1876"]
[BlackElo "2404"]
[Annotator "TA"]
[PlyCount "36"]
[EventDate "2022.02.12"]
[EventType "swiss"]
[EventCountry "MEX"]
[SourceTitle "playchess.com"]
[Source "ChessBase"]
[SourceQuality "1"]

{[%evp 9,36,-9,0,-13,-7,-14,-8,-20,-12,-25,-9,-18,0,-27,-8,-6,18,0,0,0,2,0,-10,-36,-9,-33,-16,-5,-4]} 1. e4 c5 2. Nf3 d6 3. Bc4 Nf6 4. Nc3 a6 5. a4 Nc6 6. d3 {B50: Sicilian: 2...d6, Miscellaneous.} e6 7. O-O Be7 8. Ba2 O-O 9. Re1 {[#]} h6 $146 ({Predecessor:} 9... Bd7 10. Bf4 Ng4 11. Nd2 Nge5 12. Be3 Nb4 13. Bb1 f5 14. exf5 exf5 15. Bxc5 dxc5 16. Rxe5 {0-1 (37) Kalogeris,I (2307)-Nenezic,M (2531) Belgrade 2021}) 10. h3 Re8 11. Bd2 Bf8 12. Bf4 e5 13. Be3 Nb4 14. Bb3 Be6 15. Bxe6 Rxe6 16. b3 b6 17. Na2 Nxa2 18. Rxa2 d5 {A rather calm draw.  Weighted Error Value: White=0.10 (very precise) /Black=0.10 (very precise)} *

[Event "VIII Iberoamericano Mexico 2022"]
[Site "Mexico City"]
[Date "2022.02.12"]
[Round "1.25"]
[White "Rosales Villegas, Israel"]
[Black "Jimenez Garcia, Emmanuel"]
[Result "*"]
[WhiteElo "1856"]
[BlackElo "2403"]
[Annotator "TA"]
[PlyCount "25"]
[EventDate "2022.02.12"]
[EventType "swiss"]
[EventCountry "MEX"]
[SourceTitle "playchess.com"]
[Source "ChessBase"]
[SourceQuality "1"]

{[%evp 17,25,11,28,0,7,-2,0,0,0,15]} 1. e4 g6 2. c4 Bg7 3. d4 Nc6 4. Nf3 d6 5. Be2 Bg4 6. Be3 e5 7. d5 Bxf3 8. Bxf3 Nd4 9. Nc3 c5 {9...c5 scores better than 9...Ne7.} 10. g3 {[%cal Bg2g3,Bg3g4][%mdl 32] A41: 1 d4 d6: Tartakower System and Modern Defence.} Nf6 {The position is equal.} 11. Bg2 h5 {[%cal Bh7h5,Bh5h4][%mdl 32]} 12. h3 {[#]} h4 $146 ({Predecessor:} 12... a6 13. O-O h4 14. g4 Nd7 15. Qd3 Bh6 16. Qd2 Bf4 17. Bxf4 exf4 18. Qxf4 Ne5 {½-½ (35) Banawa,J (2345)-Gareyev,T (2614) Irvine 2010}) 13. g4 $1 {To avoid Nh5. A rather calm draw.  Weighted Error Value: White=0.11 (very precise) /Black=0.02 (flawless)} *

[Event "VIII Iberoamericano Mexico 2022"]
[Site "Mexico City"]
[Date "2022.02.12"]
[Round "1.27"]
[White "Torres Rivas, Felipe de Jesus"]
[Black "Leon Valdes, Jony Wilson"]
[Result "*"]
[WhiteElo "1845"]
[BlackElo "2392"]
[Annotator "TA"]
[PlyCount "48"]
[EventDate "2022.02.12"]
[EventType "swiss"]
[EventCountry "MEX"]
[SourceTitle "playchess.com"]
[Source "ChessBase"]
[SourceQuality "1"]

{[%evp 13,48,10,28,0,-3,-15,0,-32,-26,-25,-18,-15,-7,-14,0,-18,-10,-17,-15,-18,-12,-14,0,-7,0,0,0,0,0,0,0,0,-9,-22,-20,-26,0]} 1. d4 e6 2. c4 Nf6 3. Nf3 b6 4. g3 Bb7 5. Bg2 Be7 6. O-O O-O 7. Nc3 Ne4 8. Bf4 {8.Bd2 is becoming the main line. E18: Queen's Indian: Old Main Line (4 g3 Bb7 5 Bg2 Be7 6 0-0 0-0 7 Nc3).} (8. Qd3 $5 {[%cal Rc3e4]} d5 9. cxd5 exd5 10. Ne5 $11) 8... Nxc3 9. bxc3 Be4 {[#]} 10. Ne5 $146 {The position is equal.} ({Predecessor:} 10. h4 d6 11. Ng5 Bxg2 12. Kxg2 h6 13. Nf3 Nd7 14. Qd3 Re8 15. Rad1 Bf8 16. e4 {0-1 (49) Li,H (2349)-Oparin,G (2624) Xingtai 2018}) 10... Bxg2 11. Kxg2 d6 12. Nf3 Nc6 13. Qd3 Na5 14. e4 Qc8 15. Nd2 Qa6 16. Rfe1 Rac8 17. Qe2 Rfe8 18. Rab1 Bf6 19. h4 e5 20. Bg5 Be7 21. Qg4 Bf8 22. Qe2 c6 23. h5 {[%cal Oh5h6]} h6 24. Be3 d5 {A rather calm draw.  Weighted Error Value: White=0.07 (flawless) /Black=0.04 (flawless)} *

[Event "VIII Iberoamericano Mexico 2022"]
[Site "Mexico City"]
[Date "2022.02.12"]
[Round "1.28"]
[White "Gemy, Jose Daniel"]
[Black "Martinez de La Trinidad, Alexandra"]
[Result "*"]
[WhiteElo "2381"]
[BlackElo "1843"]
[Annotator "TA"]
[PlyCount "49"]
[EventDate "2022.02.12"]
[EventType "swiss"]
[EventCountry "MEX"]
[SourceTitle "playchess.com"]
[Source "ChessBase"]
[SourceQuality "1"]

{[%evp 29,49,12,21,31,36,-4,45,42,54,0,59,47,47,35,36,34,62,48,84,58,118,103]} 1. e4 c5 2. Nf3 e6 3. d4 cxd4 4. Nxd4 Nc6 5. Nc3 Qc7 6. Be3 a6 7. Be2 Nf6 8. O-O Bb4 9. Nxc6 bxc6 10. Na4 Be7 11. Nb6 Rb8 12. Nxc8 Qxc8 13. e5 Nd5 14. Bc1 Bc5 15. Qd3 O-O 16. c4 {B49: Sicilian: Taimanov: 5 Nc3 Qc7 6 Be3 a6 7 Be2.} Ne7 {[#]} 17. Kh1 $146 ({Predecessor:} 17. b3 Qc7 18. Bb2 Ng6 19. Qe4 a5 20. Bc3 Bb4 21. Bd4 d6 22. exd6 Bxd6 23. g3 c5 {0-1 (74) Skliarov,V (2429)-Neiksans,A (2614) Warsaw 2016}) 17... f5 (17... Qc7 $11) 18. f4 {White is slightly better.} Rd8 19. Qc2 ({Better is} 19. Rb1 $14) 19... Qb7 (19... Bd4 $11) 20. Rb1 $14 Qa7 21. Bd2 a5 {Inhibits b4.} 22. Rfd1 Kf7 23. Bc3 Rb7 24. Rd3 {White is more active.} g6 (24... d5 $14) 25. Rbd1 {Weighted Error Value: White=0.15 (very precise) /Black=0.27 (precise)} *

[Event "VIII Iberoamericano Mexico 2022"]
[Site "Mexico City"]
[Date "2022.02.12"]
[Round "1.29"]
[White "Mares Arellano, Juan Antoni"]
[Black "Lopez Gonzalez, Abel Fabian"]
[Result "0-1"]
[WhiteElo "1812"]
[BlackElo "2379"]
[Annotator "TA"]
[PlyCount "60"]
[EventDate "2022.02.12"]
[EventType "swiss"]
[EventCountry "MEX"]
[SourceTitle "playchess.com"]
[Source "ChessBase"]
[SourceQuality "1"]

{[%evp 11,60,5,9,-111,-101,-105,-80,-146,-141,-150,-139,-185,-171,-329,-333,-391,-380,-395,-381,-437,-417,-537,-520,-550,-547,-544,-527,-544,-542,-539,-530,-600,-595,-603,-625,-619,-609,-607,-601,-684,-664,-714,-712,-785,-653,-753,-741,-764,-785,-1318,-1249]} 1. e4 c6 2. d4 d5 3. exd5 cxd5 4. c4 Nf6 5. Nc3 Nc6 {[%cal Bb8c6,Bc6d4,Bd4c2][%mdl 32]} 6. Nf3 Bg4 7. Qb3 {B13: Caro-Kann: Exchange Variation and Panov-Botvinnik Attack.} (7. Bg5 $11 {keeps the balance.}) 7... Bxf3 $17 8. gxf3 {[%cal Rc4d5]} Nxd4 9. Qa4+ (9. Qd1 $142 e5 10. f4) 9... Qd7 10. Qxd7+ Nxd7 11. Nxd5 {[#]} (11. Rb1 $17) 11... O-O-O $1 $19 {[#] Strongly threatening ...Nc2+.} ({Weaker is} 11... Nxf3+ 12. Ke2 Nd4+ 13. Kd3 $11) (11... Nc2+ 12. Kd1 Nxa1 13. Nc7+ Kd8 14. Nxa8 $14) 12. Be3 $146 (12. Kd1) ({Predecessor:} 12. Rb1 Nxf3+ 13. Ke2 Nde5 14. Bg2 Nd4+ 15. Kf1 e6 16. Bf4 Nef3 17. Nc3 Bd6 18. Be3 Nxh2+ {½-½ (52) Dembling,A (1799)-Morgan,J (1507) San Francisco 2011}) 12... Nc2+ {Pair of Knights!} ({Worse is} 12... Nxf3+ 13. Ke2 Nh4 14. Nc3 $11) 13. Kd1 Nxa1 14. Kc1 e6 15. Nc3 Bc5 16. Kb1 Bxe3 {Black is clearly winning.} 17. fxe3 {[#]} Nc5 $1 {[%cal Oc5a4]} 18. Be2 {[#]} (18. Kxa1 Na4) 18... Rd2 $1 {And now ...Nc2 would win.} 19. Kxa1 {[#]} Na4 $1 {[%mdl 512] White must now prevent ...Nxc3.} 20. Nxa4 {Hoping for Nc3.} (20. Re1 Nxc3) 20... Rxe2 {[%mdl 4096] Endgame KRR-KRN} 21. Nc3 Rxe3 22. Nb5 a6 23. Nd6+ Kc7 24. c5 Rxf3 25. b4 Rd8 26. Rd1 Rf2 27. b5 {[#]} Rf5 $1 28. bxa6 (28. Rg1 Rxc5) 28... bxa6 29. Rb1 Rxc5 30. Nb7 Rb5 {White did not feel at home in the position after the opening.  Weighted Error Value: White=0.55/Black=0.01 (flawless)} 0-1

[Event "VIII Iberoamericano Mexico 2022"]
[Site "Mexico City"]
[Date "2022.02.12"]
[Round "1.35"]
[White "Pereira, Henry Alberto"]
[Black "Noboa Silva, Kevin"]
[Result "*"]
[WhiteElo "1775"]
[BlackElo "2331"]
[Annotator "TA"]
[PlyCount "42"]
[EventDate "2022.02.12"]
[EventType "swiss"]
[EventCountry "MEX"]
[SourceTitle "playchess.com"]
[Source "ChessBase"]
[SourceQuality "1"]

{[%evp 9,42,15,12,8,18,18,18,18,15,10,15,0,0,0,0,-16,-14,-16,0,-20,0,-33,-29,-79,-60,-78,12,-17,-10,-21,-36,-26,0,-41,-56]} 1. b3 d5 2. Bb2 c5 3. e3 a6 4. Nf3 Nc6 5. d4 cxd4 6. Nxd4 {A06: Réti Opening: 1 Nf3 d5.} Nf6 7. Nxc6 bxc6 8. Be2 {The position is equal.} e6 9. O-O Bd6 10. Nd2 {[%cal Bb1d2,Bd2f3,Bf3h4][%mdl 32]} e5 11. c4 O-O 12. cxd5 cxd5 13. Rc1 {[%cal Oe3e4]} Bf5 14. Nf3 Qe7 {[#]} 15. Nh4 $146 ({Predecessor:} 15. h3 a5 {½-½ (15) Campos Gomez,M (1737)-Velez Rueda,J (1920) Moniquira 2019}) 15... Bd7 16. g3 (16. Qd3 $11) 16... a5 $17 17. Qd3 e4 (17... Ba3 $17 18. Qb1 Rfb8) 18. Qb1 a4 19. Rfd1 axb3 20. axb3 Be5 21. Bd4 (21. b4 $11) 21... Rfb8 {Weighted Error Value: White=0.15 (very precise) /Black=0.17 (very precise)} *

[Event "VIII Iberoamericano Mexico 2022"]
[Site "Mexico City"]
[Date "2022.02.12"]
[Round "1.39"]
[White "Carreras Mendiolea, Paulina Adri"]
[Black "Sanchez Enriquez, Oscar Gerardo"]
[Result "*"]
[WhiteElo "1745"]
[BlackElo "2305"]
[Annotator "TA"]
[PlyCount "48"]
[EventDate "2022.02.12"]
[EventType "swiss"]
[EventCountry "MEX"]
[SourceTitle "playchess.com"]
[Source "ChessBase"]
[SourceQuality "1"]

{[%evp 13,48,24,14,-43,-60,-61,-52,-61,-59,-55,-35,-52,-45,-41,-55,-64,-50,-35,-34,-36,-32,-42,-30,-102,-81,-79,-72,-66,-67,-208,-208,-208,-201,-202,-193,-186,-189]} 1. e4 e6 2. d4 d5 3. e5 c5 4. c3 Nc6 5. Nf3 Nge7 6. Bd3 cxd4 7. cxd4 Nf5 8. O-O {C02: French: Advance Variation.} (8. Bxf5 $11 exf5 9. Nc3) 8... Nfxd4 $15 9. Nxd4 Nxd4 10. Be3 {Black is slightly better.} Nc6 {[%cal Bd4c6,Bc6b4,Bb4a6][%mdl 32]} 11. f4 Be7 {[#]} 12. Qg4 $146 ({Predecessor:} 12. Nd2 g6 13. Rc1 h5 14. a3 Kf8 15. Nf3 Kg7 16. Nd4 Bd7 17. Nxc6 bxc6 18. Rc5 Bxc5 19. Bxc5 {0-1 (34) Mittag,J-Ellers,H (2355) Germany 1996}) 12... g6 13. Nd2 Nb4 14. Bb1 Bd7 15. a3 Na6 16. b4 {Prevents Bc5.} Nc7 17. Nb3 b6 18. Nd4 (18. Qe2 $11 {keeps the balance.}) 18... Nb5 19. Bd3 Nxd4 20. Bxd4 a5 21. bxa5 {Loses the game.} (21. Qh3 $15) 21... Bc5 $19 {Black is clearly better.} 22. Bf2 Rxa5 23. h4 h5 24. Qg3 Bb5 {Weighted Error Value: White=0.21 (precise) /Black=0.04 (flawless)} ({And not} 24... Rxa3 25. Rxa3 Bxa3 26. Bxg6 $11) *

[Event "VIII Iberoamericano Mexico 2022"]
[Site "Mexico City"]
[Date "2022.02.13"]
[Round "1.42"]
[White "Medina Diaz, Rafael Alejandro"]
[Black "Garcia Lopez, Miguel Angel"]
[Result "1/2-1/2"]
[WhiteElo "2287"]
[BlackElo "2262"]
[Annotator "TA"]
[PlyCount "29"]
[EventDate "2022.02.12"]
[EventType "swiss"]
[EventCountry "MEX"]
[SourceTitle "playchess.com"]
[Source "ChessBase"]
[SourceQuality "1"]

{[%evp 13,29,14,20,8,7,0,19,0,0,0,0,0,6,14,29,0,41,0]} 1. e4 e5 2. Nf3 Nc6 3. Bb5 Nf6 4. d3 Bc5 5. O-O d6 6. c3 O-O 7. Nbd2 Bb6 {7...Ne7 is becoming the main line.} 8. h3 {C65: Ruy Lopez: Berlin Defence (3...Nf6), unusual lines and 4 0-0 Bc5.} Ne7 {[%cal Bc6e7,Be7g6,Bg6f4][%mdl 32]} 9. Re1 Ng6 10. Ba4 {[#] The position is equal.} Nf4 $146 ({Predecessor:} 10... c6 11. d4 exd4 12. cxd4 d5 13. e5 Nh5 14. Bc2 Nhf4 15. Nf1 f6 16. Ng3 fxe5 17. Nxe5 {½-½ (33) Hou,Y (2659)-Santos Ruiz,M (2583) Salamanca 2019}) 11. Nc4 N6h5 12. d4 exd4 13. cxd4 Qf6 $1 {[#] aiming for ...Qg6.} 14. Ne3 ({Reject} 14. Nxb6 axb6 15. h4 (15. Bxf4 Nxf4 16. h4 Bg4 $17) 15... Bg4 $15) 14... Ba5 (14... Qg6 $11) 15. Ng4 {An even fight not without its subleties.  Weighted Error Value: White=0.06 (flawless) /Black=0.08 (flawless)} (15. Rf1 $1 $14) 1/2-1/2

[Event "VIII Iberoamericano Mexico 2022"]
[Site "Mexico City"]
[Date "2022.02.12"]
[Round "1.44"]
[White "Flores Guerrero, Jesus Aldair"]
[Black "Serrato, Rafael Antonio"]
[Result "*"]
[WhiteElo "2251"]
[BlackElo "1707"]
[Annotator "TA"]
[PlyCount "41"]
[EventDate "2022.02.12"]
[EventType "swiss"]
[EventCountry "MEX"]
[SourceTitle "playchess.com"]
[Source "ChessBase"]
[SourceQuality "1"]

{[%evp 9,41,1,7,3,14,14,8,0,13,6,8,7,17,9,11,6,36,27,30,26,31,-16,16,11,34,8,37,11,181,181,202,194,178,173]} 1. f4 Nf6 2. Nf3 d5 3. e3 c5 4. b3 Nc6 5. Bb5 Bd7 6. Bb2 {A03: Bird's Opening with 1...d5.} a6 7. Bxc6 Bxc6 8. O-O {The position is equal.} b6 9. Qe2 e6 10. d3 {[%cal Of4f5]} Be7 {[#]} 11. Ne5 $146 ({Predecessor:} 11. Nbd2 O-O 12. Ne5 Bb7 13. Rf3 d4 14. e4 Nd7 15. Rh3 Nxe5 16. fxe5 Bg5 17. Nc4 {1-0 (34) Lagarde,M (2588)-Stojanovic,V (1709) Marseille 2016}) 11... Bb7 12. Nd2 Qd6 13. Rad1 O-O 14. Rf3 d4 15. e4 (15. Rh3 $14) 15... b5 (15... Nh5 $5 {[%cal Rh5f4]}) 16. Rh3 Qc7 17. Ndf3 b4 18. Bc1 Bd6 $2 (18... a5 $11 {and Black is okay.}) 19. Qf2 {And now Qh4 would win. White is clearly better.} h6 20. Qh4 {[%cal Of4f5] Strongly threatening f5!} Nh7 {[#]} 21. Qg3 $1 {Weighted Error Value: White=0.08 (flawless) /Black=0.31} *

[Event "VIII Iberoamericano Mexico 2022"]
[Site "Mexico City"]
[Date "2022.02.13"]
[Round "2.1"]
[White "Cori, Jorge"]
[Black "Capo Vidal, Uriel"]
[Result "1-0"]
[WhiteElo "2650"]
[BlackElo "2306"]
[Annotator "TA"]
[PlyCount "167"]
[EventDate "2022.02.12"]
[EventType "swiss"]
[EventCountry "MEX"]
[SourceTitle "playchess.com"]
[Source "ChessBase"]
[SourceQuality "1"]

{[%evp 11,167,3,31,0,14,0,0,17,38,20,33,26,24,17,23,13,17,17,20,3,11,0,0,3,16,9,31,12,11,0,0,-6,10,0,0,-9,5,0,3,-13,-7,-27,0,-23,8,6,22,26,27,0,10,0,0,0,0,0,0,0,12,0,0,0,14,7,18,8,108,102,104,0,61,52,104,104,96,85,102,31,39,0,0,0,0,13,0,0,29,37,103,28,28,28,44,28,87,87,87,87,87,38,87,87,87,38,87,0,87,87,87,87,87,79,88,88,171,0,93,107,1154,449,2155,1745,1033,716,2926,2865,2628,2002,29972,29973,29973,29974,29974,29975,29977,29978,29978,29979,29980,29981,29978,29979,29983,29981,29979,29978,29984,29985,29985,29986,29986,29987,29987,29988,29988,29989,29990,29990]} 1. c4 e6 2. Nc3 d5 3. d4 Be7 4. Nf3 Nf6 5. Bf4 O-O 6. e3 b6 7. a3 {D37: Queen's Gambit Declined: 5 Bf4.} Bb7 8. cxd5 Nxd5 9. Nxd5 {The position is equal.} Bxd5 10. Bd3 c5 11. dxc5 bxc5 12. Qc2 {Prevents c4.} h6 13. O-O {[#]} Qb6 $146 ({Predecessor:} 13... Nd7 14. Rfd1 Qb6 15. Nd2 Rfd8 16. e4 Bb7 17. Nc4 Qc6 18. Na5 Qb6 19. Nxb7 Qxb7 {1-0 (49) Parligras,M (2603)-Balaskas,N (2160) Achaia 2017}) 14. Ne5 Qb7 15. f3 Nc6 16. Nxc6 Bxc6 17. Rac1 a5 18. Be5 a4 19. Rfd1 Rfd8 20. Bc4 Bd5 21. Qe2 Rd7 22. Bb5 Rdd8 23. Bc4 Rd7 24. Bb5 Rdd8 25. Bd3 Bb3 {Hoping for ...Rd5.} 26. Bc2 Rac8 27. Bc3 Bf6 (27... c4 {is more complex.} 28. Rxd8+ Rxd8 29. Kf2 Bh4+ 30. Kg1 Bf6) 28. Bxf6 gxf6 29. Bxb3 Qxb3 30. Rd2 Kg7 31. Rc3 Rxd2 32. Qxd2 $11 {[%mdl 4096] Endgame KQR-KQR} Qb5 33. h3 Rb8 34. Rc2 Rb7 35. Qf2 Rd7 36. Qg3+ Kf8 37. Qf4 {[%csl LRf6,LRh6]} Kg7 38. Kh2 Rd3 (38... Rd5 $11) 39. Qg3+ $1 $16 Kf8 40. e4 (40. Qc7 $1 $16) 40... Rd1 (40... Rd4 $11) 41. Qc7 $14 Qf1 (41... Kg7 $14) 42. Qxc5+ $16 ({Don't play} 42. Kg3 $6 Qe1+ 43. Kg4 c4 $11) 42... Kg7 43. Qe3 Rb1 44. Kg3 ({Better is} 44. Qf2 $16) 44... Qb5 $14 45. Qf4 Rxb2 46. Qg4+ Kh7 47. Rc8 {[%csl Gc8][%cal Rg4g8]} Qg5 {Inhibits Qg8+.} 48. Qxg5 hxg5 $11 {KR-KR} 49. Ra8 f5 ({Black should try} 49... Kg6 $14) 50. Rxa4 (50. exf5 $16 exf5 51. Rxa4) 50... f4+ 51. Kh2 {[%cal Oh3h4]} Kg6 52. Ra6 Kf6 (52... Ra2 $11) 53. a4 $1 $16 {[%cal Ba3a4,Ba4a5,Ba5a6,Ba6a7][%mdl 32]} Ra2 54. Ra8 Ke5 55. a5 Kf6 (55... Ra1 $1 $14 {is more appropriate.}) 56. a6 Ra1 57. Ra7 (57. a7 $16) 57... Kg6 (57... Ke5 $14) 58. Ra8 Kf6 59. a7 Ra2 60. Kg1 Ra1+ 61. Kf2 $1 Ra2+ 62. Kf1 Kg7 {[#]} (62... Ra4 $16 63. Ke2 Ke5) 63. e5 ({White should play} 63. Ke1 $1 $18) 63... Ra1+ $1 64. Kf2 ({Much less strong is} 64. Ke2 $6 Ra3 65. h4 gxh4 $18) 64... Ra2+ $2 {[%mdl 8192] This costs Black the game.} (64... Kh7 $16 65. Ke2 Ra3) 65. Kg1 $18 {Strongly threatening Kh1.} Ra1+ (65... Kh7 $142 66. Kh1 Kg7) 66. Kh2 Ra2 {[#]} 67. h4 $1 {[%cal Bh3h4,Bh4h5,Bh5h6][%mdl 32]} g4 68. fxg4 f3 69. Kg1 Rxg2+ 70. Kf1 {White mates.} Ra2 71. h5 Kh7 72. h6 f2 73. Kg2 f1=Q+ 74. Kxf1 Ra1+ 75. Kf2 Ra3 76. Kg2 Ra2+ 77. Kf3 Ra4 78. Kg3 Ra3+ 79. Kf4 Ra5 80. Kg5 Rxe5+ 81. Kf6 Ra5 82. Kxf7 Ra1 83. g5 Rf1+ 84. Ke7 {Weighted Error Value: White=0.14 (very precise) /Black=0.15 (very precise)} 1-0